Možnosti dynamizácie rozvoja spoločného stravovania na Slovensku

Gespeichert in:
Bibliographische Detailangaben
1. Verfasser: Pachingerová, Mária
Format: Buchkapitel
Sprache:Slowakisch
Tags: Tag hinzufügen
Keine Tags, Fügen Sie das erste Tag hinzu!

MARC

LEADER 00000naa$a2200000$$$4500
001 0062241
005 20240502071712.3
041 0 |a slo 
044 |a SK 
245 1 0 |a Možnosti dynamizácie rozvoja spoločného stravovania na Slovensku  |c Mária Pachingerová 
100 1 |a Pachingerová, Mária